Profesor Ján Doruľa sedemdesiatpäťročný

Bibliographic Details
Main Author: Žeňuch, Peter, 1971- (Author)
Format: Article
Language:Slovak
ISSN:0037-6787
Subjects:

MARC

LEADER 00000nab a2200000 a 4500
001 vtls009309827
003 SK-MaSNL
005 20260304180817.0
008 250506c2008 xo |r|p|||||||000 b|slo
015 |a SNBRB2008/07  |2 snkbucl 
035 |a (uuid)3489a1fd-3523-4a37-b406-1456c45f10a4 
035 |a urn:nbn:sk:snk-ab2i1j 
035 |a (urnnbn)urn:nbn:sk:snk:ar-a02g6j 
038 |a SNKBUCL 
040 |a SNKBUCL  |b slo  |c SNKBUCL  |e AACR2 
041 0 |a slo 
044 |a xo  |c SK 
080 |a 81-051  |2 2001 
080 |a 811.16-051  |2 2001 
080 |a 811.162.4-051  |2 2001 
080 |a 929 Doruľa, Ján  |2 2001 
100 1 |a Žeňuch, Peter,  |d 1971-  |4 aut  |9 105860 
245 1 0 |a Profesor Ján Doruľa sedemdesiatpäťročný  |c Peter Žeňuch 
600 1 7 |a Doruľa, Ján,  |d 1933-  |2 snkbucl  |9 13281 
773 0 |t Slavica slovaca  |g Roč. 43, č. 1 (2008), s. 76-77  |x 0037-6787 
850 |a Slovenská národná knižnica 
852 |a Slovenská národná knižnica 
954 |a odborná, vedecká literatúra pôvodná (slovenská)  |2 lita 
958 |a article27 
958 |a SS 
958 |a SK 
958 |a BX 
958 |a OND 
958 |a EUIPO 
999 |c 3019813  |d 3021743